Marlowe's Faustus and Goethe's Faust Part I / (Record no. 79800)
[ view plain ]
| 000 -LEADER | |
|---|---|
| fixed length control field | 00885nam a2200265 a 4500 |
| 001 - CONTROL NUMBER | |
| control field | 79800 |
| 003 - CONTROL NUMBER IDENTIFIER | |
| rucl marc code | BD-RjUL |
| 005 - DATE AND TIME OF LATEST TRANSACTION | |
| control field | 20220516114050.0 |
| 008 - FIXED-LENGTH DATA ELEMENTS--GENERAL INFORMATION | |
| fixed length control field | 220516s1966 |||||||| |||| 00| 0 eng d |
| 035 ## - SYSTEM CONTROL NUMBER | |
| System control number | (BD-RjUL)79800 |
| 040 ## - CATALOGING SOURCE | |
| Original cataloging agency | BD-RjUL |
| Language of cataloging | eng |
| Transcribing agency | BD-RjUL |
| 041 ## - LANGUAGE CODE | |
| Language code of text/sound track or separate title | eng |
| 082 ## - DEWEY DECIMAL CLASSIFICATION NUMBER | |
| Edition number | 23 |
| Classification number | 822.914 |
| Author mark and year | MOM 1966 |
| 100 ## - MAIN ENTRY--PERSONAL NAME | |
| Personal name | Marlowe, Christopher |
| 9 (RLIN) | 3011 |
| 245 ## - TITLE STATEMENT | |
| Title | Marlowe's Faustus and Goethe's Faust Part I / |
| Statement of responsibility, etc. | Christopher Marlowe ; transl. by John Anster. |
| 246 ## - VARYING FORM OF TITLE | |
| Title proper/short title | Faust . Marlowe's Dr. Faustus and Goethe's Faust Tragical history of Doctor Faustus |
| 260 ## - PUBLICATION, DISTRIBUTION, ETC. (IMPRINT) | |
| Place of publication, distribution, etc. | London : |
| Name of publisher, distributor, etc. | Oxford Univ. Press, |
| Date of publication, distribution, etc. | [1966] |
| 300 ## - PHYSICAL DESCRIPTION | |
| Pagination | XXXII, 258 P.; |
| Size | 15 cm. |
| 490 ## - SERIES STATEMENT | |
| Series statement | World's classics : |
| Volume/sequential designation | 135 |
| 600 ## - SUBJECT ADDED ENTRY--PERSONAL NAME | |
| Personal name | Faust (Goethe, Johann Wolfgang von) |
| 650 ## - SUBJECT ADDED ENTRY--TOPICAL TERM | |
| Topical term or geographic name as entry element | English drama |
| 700 ## - ADDED ENTRY--PERSONAL NAME | |
| Personal name | Anster, John |
| 830 ## - SERIES ADDED ENTRY--UNIFORM TITLE | |
| Uniform title | World's classics : |
| Volume number/sequential designation | 135 |
| 942 ## - ADDED ENTRY ELEMENTS (KOHA) | |
| Source of classification or shelving scheme | Dewey Decimal Classification |
| Koha item type | Books |
| Lost status | Source of classification or shelving scheme | Damaged status | Not for loan | Collection code | Permanent Location | Current Location | Shelving location | Date acquired | Source of acquisition | Cost, normal purchase price | Total Checkouts | Full call number | Date last seen | Copy number | Koha item type |
|---|---|---|---|---|---|---|---|---|---|---|---|---|---|---|---|
| Dewey Decimal Classification | Not For Loan | Fiction | Central Library, University of Rajshahi | Central Library, University of Rajshahi | Reading Room | 18/09/1968 | Zeitlinger | 8.60 | 822.914 MOM 1966 | 16/05/2022 | C-1 | Books |